00422nam a2200181Ia 4500003000400000005001700004008004100021020000600062040000700068041000800075082001900083100002800102245004200130260002800172300001500200365000800215650001700223OSt20230505092701.0210423s1999 xx 000 0 und d a- cAL aeng a574.87328 GOLJ aGOLDBERG (Joanna B) Ed. aGenetics of bacterial polysaccharides aLondonbCRC Pressc1999 a232bBound cINR aCell Biology